Technická diagnostika /

Enregistré dans:
Détails bibliographiques
Auteur principal: Janoušek, Ivo (Auteur)
Format: Livre
Langue:tchèque
Publié: Praha : SNTL, 1988
Tags: Ajouter un tag
Pas de tags, Soyez le premier à ajouter un tag!

MARC

LEADER 00000nam a22000003a 4500
001 stu2948
005 20150617225615.6
008 930122s1988----cs------------------cze-d
040 |a STU  |b slo 
041 0 |a cze 
044 |a cs 
080 |a 681.518.5 
100 1 |a Janoušek, Ivo  |4 aut 
245 1 |a Technická diagnostika /  |c Aut.: Janoušek,I 
260 |a Praha :  |b SNTL,  |c 1988 
300 |a 429 s 
996 |b 284EK90723  |c E* 90723  |l EE01  |s A  |a 24  |w stu2948_0003